Some aspects of abnormal leaf fall of Hevea caused by Phytophthora palmivora in South India (Record no. 68916)

MARC details
000 -LEADER
fixed length control field 00485nam a2200133Ia 4500
100 ## - MAIN ENTRY--AUTHOR NAME
Personal name Ramakrishna Sarma S
245 #0 - TITLE STATEMENT
Title Some aspects of abnormal leaf fall of Hevea caused by Phytophthora palmivora in South India
260 ## - PUBLICATION, DISTRIBUTION, ETC. (IMPRINT)
Name of publisher Proceedings of the International Rubber Conference, Kuala Lumpur, Malaysia, V.3. 1985; p238-251
650 ## - SUBJECT ADDED ENTRY--TOPICAL TERM
Topical Term Abnormal leaf fall
650 ## - SUBJECT ADDED ENTRY--TOPICAL TERM
Topical Term Phytophthora palmivora
650 ## - SUBJECT ADDED ENTRY--TOPICAL TERM
Topical Term South India
942 ## - ADDED ENTRY ELEMENTS (KOHA)
Koha item type Journals
Holdings
Withdrawn status Lost status Damaged status Not for loan Home library Current library Shelving location Date acquired Koha item type
      Journals RRII Library RRII Library Pathology 17/12/2021 Journals